| 000 | 00000nam##2200000za#4500 |
| 001 | 9.533636 |
| 003 | CaOODSP |
| 005 | 20220623092431 |
| 007 | ta |
| 008 | 150406|2000||||xxc||||| f|0| 0 eng|d |
| 020 | |a0-662-64815-3 |
| 040 | |aCaOODSP|beng |
| 041 | |aeng |
| 041 | |afre |
| 043 | |an-cn--- |
| 086 | 1 |aC21-23/24-2000 |
| 110 | 1 |aCanada. |bIndustry Canada. |
| 245 | 10|aInvestment and productivity growth - a survey from the neoclassical and new growth perspectives / |cby Kevin J. Stiroh. |
| 260 | |aOttawa - Ontario : |bIndustry Canada |c2000. |
| 300 | |aEnglish text, 71p. : |bgraphs, tables ; |c23 cm. |
| 490 | 1 |aOccasional paper|v24 |
| 500 | |a"The purpose of this paper is to provide a broad survey of the recent literature that links investment to productivity, a link that depends critically on an understanding of the economic growth process."--Introduction. |
| 504 | |aBibliography. |
| 520 | 3 |aThe purpose of this paper is to provide a broad survey of the recent literature that links investment to productivity, a link that depends critically on an understanding of the economic growth process.--Introduction |
| 546 | |aBilingual |
| 563 | |aSoftcover |
| 590 | |a01-05|b2001-02-02 |
| 720 | 1 |aStiroh, Kevin J. |
| 776 | 0#|tInvestment and productivity growth - a survey from the neoclassical and new growth perspectives : |w(CaOODSP)9.570621 |
| 776 | 0#|tInvestissement et croissance de la productivité : étude inspirée de la théorie néoclassique et de la nouvelle théorie de la croissance : |w(CaOODSP)9.601269 |
| 792 | |tInvestissement et croissance, de la productivité - étude inspirée de la théorie néoclassique et de la nouvelle théorie de la croissance / |efre|w(CaOODSP)9.533637 |
| 830 | #0|aOccasional paper (Canada. Industry Canada)|v24|w(CaOODSP)9.509050 |